000 00676nam a22002297a 4500
003 UA-OsUOA
001 95067
007 ta
008 20130225b un ||||| |||| 00| 0 ukr d
100 _aЗурабов А.
090 _a82.161.1
_bЗ-94
942 _cBK
040 _aUA-OsUOA
_brus
_cUA-OsUOA
_dUA-OsUOA
245 _aТетрадь для домашних занятий. Родники
_bповесть, рассказы
300 _a416 с.
955 _a3
041 _arus
080 _a82.161.1
260 _aМ.
_bСоветский писатель
_c1989
650 7 _a82 Література. Літературознавство
_2UDC
999 _c381311
_d381311